LIBRARY & INFORMATION CENTRE, KCAET, TAVANUR

ONLINE PUBLIC ACCESS CATALOGUE (OPAC)

Elements of radio servicing / (Record no. 3133)

MARC details
000 -LEADER
fixed length control field 00428cam a2200169ua 4500
003 - CONTROL NUMBER IDENTIFIER
control field OSt
008 - FIXED-LENGTH DATA ELEMENTS--GENERAL INFORMATION
fixed length control field 250108b |||||||| |||| 00| 0 eng d
041 ## - LANGUAGE CODE
Language code of text/sound track or separate title eng
082 ## - DEWEY DECIMAL CLASSIFICATION NUMBER
Classification number 621.38414
Item number MAR/El
100 ## - MAIN ENTRY--AUTHOR NAME
Personal name Marcus, William .
245 ## - TITLE STATEMENT
Title Elements of radio servicing /
250 ## - EDITION STATEMENT
Edition statement 2 /
260 ## - PUBLICATION, DISTRIBUTION, ETC. (IMPRINT)
Place of publication New York :
Name of publisher McGraw Hill Book Company ,
Year of publication 1984.
300 ## - PHYSICAL DESCRIPTION
Number of Pages 566 ; .
700 1# - ADDED ENTRY--PERSONAL NAME
Personal name Alex, Leny .
942 ## - ADDED ENTRY ELEMENTS (KOHA)
Koha item type Books
Holdings
Withdrawn status Lost status Damaged status Home library Current library Date acquired Full call number Accession Number Koha item type
      KAUAET KAUAET 07/04/2012 621.38414 MAR/EL 784 Books
      KAUAET KAUAET 07/04/2012 621.38414 MAR/EL 785 Books
      KAUAET KAUAET 07/04/2012 621.38414 MAR/EL 10470 Books
    Damaged KAUAET KAUAET 07/04/2012 621.38414 MAR/EL 11984 Books
free website counter